| 000 | 01298cam a2200337 a 4500 | ||
|---|---|---|---|
| 001 | 2994965 | ||
| 003 | OSt | ||
| 005 | 20140310181627.0 | ||
| 008 | 930216t19931988mau d 000 0 eng | ||
| 010 | _a 93003177 | ||
| 020 | _a0877791694 (indexed) | ||
| 020 | _a0877791708 (deluxe) | ||
| 040 |
_aDLC _cDLC _dDLC |
||
| 050 | 0 | 0 |
_aPE1591 _b.W38 1993 |
| 082 | 0 | 0 |
_a423/.1 _220 |
| 130 | 0 | _aWebster's collegiate thesaurus. | |
| 245 | 1 | 0 | _aMerriam-Webster's collegiate thesaurus. |
| 246 | 3 | 0 | _aCollegiate thesaurus |
| 246 | 1 | 8 | _aThesaurus |
| 260 |
_aSpringfield, Mass. : _bMerriam-Webster, _c[1993?], c1988. |
||
| 300 |
_a26a, 868 p. ; _c26 cm. |
||
| 500 | _aPreviously published as: Webster's collegiate thesaurus. | ||
| 521 |
_aFirst Year College Students _bLexile |
||
| 541 | _j1 | ||
| 562 | _eFor circulation. 1 copy in the collection | ||
| 650 | 0 |
_aEnglish language _xSynonyms and antonyms. |
|
| 710 | 2 | _aMerriam-Webster, Inc. | |
| 906 |
_a7 _bcbc _corignew _d1 _eocip _f19 _gy-gencatlg |
||
| 942 |
_2lcc _cBK-GR _kREF |
||
| 999 |
_c361 _d361 |
||